| 000 | 00344nam a22001577a 4500 | ||
|---|---|---|---|
| 003 | NUST | ||
| 020 | _a9780367705381 | ||
| 038 | _akhadija | ||
| 082 |
_a531.2 _bHEJ |
||
| 100 |
_aHejazi _991808 |
||
| 245 |
_aAdvanced Solid Mechanics / _cFarzad Hejazi |
||
| 260 |
_aU.K _bCRC Press _c2021 |
||
| 300 | _ap118 | ||
| 563 | _aPB | ||
| 942 |
_2ddc _cBK |
||
| 999 |
_c589937 _d589937 |
||